000 00451nam a22001697a 4500
003 NUST - PNEC
005 20170116181128.0
008 151006b xxu||||| |||| 00| 0 eng d
020 _a0071147268
040 _cLIBRARY
082 _a629.892 SCI
100 _913766
_a Sciavicco, L
245 _aModelling and control of robot manipulators
_c L. Sciavicco
260 _cc1996
650 _913768
_aManipulators (Mechanism)
_xME
942 _2ddc
_cBK
999 _c69818
_d69818